موسوعة عالم التاريخ والحضارة / (Record no. 13900)
[ view plain ]
| 000 -الفاتح | |
|---|---|
| حقل البيانات ثابتة الطول | 02009nam a2200253 i 4500 |
| 003 - محدد رقم الضبط | |
| رقم الضبط | EG-ScBUE |
| 005 - وقت وتاريخ اخر تعامل مع التسجيلة | |
| رقم الضبط | 20230620105012.0 |
| 008 - عناصر البيانات ثابتة الطول - معلومات عامة | |
| حقل البيانات ثابتة الطول | 100415s2005 le f e 000 0 ara d |
| 040 ## - مصدر الفهرسة | |
| وكالة الفهرسة الأصلية | EG-ScBUE |
| لغة الفهرسة | ara |
| قواعد الوصف | rda |
| وكالة النسخ | EG-ScBUE |
| وكالة التعديل | EG-ScBUE |
| 082 04 - رقم تصنيف ديوى العشرى | |
| رقم التصنيف | 903 |
| رقم المادة | أ ب ي |
| رقم الطبعة | 22 |
| 100 1# - المدخل الرئيسى - إسم شخصى | |
| 9 (RLIN) | 13582 |
| الإسم الشخصى | أبي فاضل، وهبي، |
| الدور | مؤلف. |
| 245 ## - بيان العنوان | |
| العنوان | موسوعة عالم التاريخ والحضارة / |
| بيان المسئوليه,etc | وهبي أبي فاضل. |
| 250 ## - بيان الطبعة | |
| بيان الطبعة | الطبعة الثانية. |
| 264 #1 - النشر، التوزيع | |
| مكان الناشر او الموزع | بيروت : |
| اسم الناشر او الموزع | دار نوبليس، |
| تاريخ النشر أو التوزيع | 2005. |
| 300 ## - الوصف المادى | |
| التعداد | 10 مجلدات ؛ |
| أبعاد الوعاء | 32 سم |
| 336 ## - نوع المحتوى | |
| source | rdacontent |
| Carrier Type Term | text |
| Content Type Code | txt |
| 337 ## - نوع الوسيط | |
| source | rdamedia |
| Media Type Term | unmediated |
| Media Type Code | n |
| 338 ## - نوع الحامل أو الناقل | |
| source | rdacarrier |
| Carrier Type Term | volume |
| Carrier Type Code | nc |
| 505 ## - تبصرة محتويات-الفهرس | |
| تبصرة المحتويات المصاغة | المجلد الأول. العالم من عصور ما قبل التاريخ حتى القرون الوسطى -- المجلد الثاني. العالم من العهد الروماني حتى عصر النهضة -- المجلد الثالث. أوروبا و العالم من النهضة حتى مؤتمر فيينا (1814- 1815) -- المجلد الرابع. العالم من مؤتمر فيينا حتى الحرب العالمية الأولى -- المجلد الخامس. العالم من الحرب العالمية الأولى حتى الحرب العالمية الثانية -- المجلد السادس. العالم من الحرب العالمية الثانية حتى مرحلة نزع الاستعمار -- المجلد السابع. العالم في النصف من القرن العشرين -- المجلد الثامن. حضارات العالم القديم -- المجلد التاسع. من الحضارة الفينيقية حتى ظهور الديانة المسيحية -- المجلد العاشر. من الديانة المسيحية حتى آخر القرن العشرين. |
| 650 #7 - المدخل الاضافى بالموضوع-مصطلح موضوعى | |
| 9 (RLIN) | 13579 |
| مصطلح موضوعي أو اسم جغرافي كعنصر مدخل | الحضارة |
| التقسيم الفرعي الشكلي | دوائر معارف. |
| مصدر الرأس أو المصطلح | BUEsh |
| 650 #7 - المدخل الاضافى بالموضوع-مصطلح موضوعى | |
| 9 (RLIN) | 13580 |
| مصطلح موضوعي أو اسم جغرافي كعنصر مدخل | الأدب العربي |
| التقسيم الفرعي الشكلي | دوائر معارف. |
| مصدر الرأس أو المصطلح | BUEsh |
| 655 ## - مصطلح تكشيفى-نوع/شكل | |
| التقسيم الفرعي الشكلي | Reading book |
| 942 ## - عناصر المدخل الإضافي( كوها) | |
| مصدر التصنيف او مخطط الترفيف | Dewey Decimal Classification |
| Koha [default] item type | Reference (NB) |
| حالة التراجع | حالة الفقد | مصدر التصنيف او خطة الترفيف | حالة تلف | ليس للاعارة | مجموعات كوها | المكان الدائم | المكان الحالي | موقع الترفيف | تاريخ الاكتساب | Source of acquisition | رقم الاستدعاء | الباركود | Date last seen | نوع الوعاء | تبصرة عامة | مُعار |
|---|---|---|---|---|---|---|---|---|---|---|---|---|---|---|---|---|
| Dewey Decimal Classification | Donation-Gift | Central Library | Central Library | Ground Floor | 15/04/2010 | Donation | 903 أ ب ي | 000020647 | 15/07/2025 | Reference (NB) | ج 8 | |||||
| Dewey Decimal Classification | Donation-Gift | Central Library | Central Library | Ground Floor | 15/04/2010 | Donation | 903 أ ب ي | 000020648 | 15/07/2025 | Reference (NB) | ج 10 | |||||
| Dewey Decimal Classification | Donation-Gift | Central Library | Central Library | Ground Floor | 15/04/2010 | Donation | 903 أ ب ي | 000020649 | 15/07/2025 | Reference (NB) | ج 3 | |||||
| Dewey Decimal Classification | Donation-Gift | Central Library | Central Library | Ground Floor | 15/04/2010 | Donation | 903 أ ب ي | 000020650 | 15/07/2025 | Reference (NB) | ج 2 | |||||
| Dewey Decimal Classification | Donation-Gift | Central Library | Central Library | Ground Floor | 15/04/2010 | Donation | 903 أ ب ي | 000020651 | 15/07/2025 | Reference (NB) | ج 1 | |||||
| Dewey Decimal Classification | Donation-Gift | Central Library | Central Library | Ground Floor | 15/04/2010 | Donation | 903 أ ب ي | 000020652 | 15/07/2025 | Reference (NB) | ج 5 | |||||
| Dewey Decimal Classification | Donation-Gift | Central Library | Central Library | Ground Floor | 15/04/2010 | Donation | 903 أ ب ي | 000020653 | 15/07/2025 | Reference (NB) | ج 4 | |||||
| Dewey Decimal Classification | Donation-Gift | Central Library | Central Library | Ground Floor | 15/04/2010 | Donation | 903 أ ب ي | 000020654 | 24/08/2022 | Reference (NB) | ج 7 | |||||
| Dewey Decimal Classification | Alahram | Central Library | Central Library | Second Floor | 15/04/2010 | Purchase | 903 أ ب ي | 000020658 | 15/07/2025 | Reference (NB) | ج 6 | 04/09/2012 | ||||
| Dewey Decimal Classification | Donation-Gift | Central Library | Central Library | Ground Floor | 15/04/2010 | Donation | 903 أ ب ي | 000020657 | 15/07/2025 | Reference (NB) | ج 9 |